000 00516nam a22002057a 4500
003 SISC
005 20160309094053.0
008 121123t xxu||||| |||| 00| 0 eng d
020 _a1853261319
050 _aPS 3359.W6
_b.C774 1994
082 _aCLA C77wh
_b1994
100 _aCoolidge, Susan
_92848
245 _aWhat Katy did /
_cSusan Coolidge
260 _aLondon :
_bWordsworth Classics,
_c1994
300 _a254 p,
_c18 cm.
562 _e1
650 _aFiction
_9746
942 _2lcc
_cBK
999 _c1374
_d1374